[Event "HUN-chT2 9798"]
[Site "Hungary"]
[Date "1997.??.??"]
[Round "?"]
[White "Biro, Gyorgy"]
[Black "Supolo, Jozsef"]
[Result "1/2-1/2"]
[WhiteElo "2210"]
[BlackElo "2230"]
[PlyCount "81"]
[EventDate "1997.??.??"]
[EventType "team"]
[EventRounds "11"]
[EventCountry "HUN"]
[SourceTitle "EXT 1999"]
[Source "ChessBase"]
[SourceDate "1998.11.16"]
[SourceVersion "1"]
[SourceVersionDate "1998.11.16"]
[SourceQuality "1"]

1. e4 c5 2. Nf3 d6 3. d4 Nf6 4. Nc3 cxd4 5. Nxd4 g6 6. Be3 Bg7 7. Bc4 Nc6 8. f3 0-0 9. Bb3 Bd7 10. Qd2 Rc8 11. 0-0-0 Ne5 12. Kb1 Nc4 13. Bxc4 Rxc4 14. g4 b5 15. g5 Nh5 16. Nce2 Qc7 17. c3 Rc8 18. Rc1 a5 19. Ng3 Nxg3 20. hxg3 Qb7 21. Nb3 Qc7 22. Bd4 e5 23. Be3 a4 24. Na1 d5 25. Qxd5 Be6 26. Qd2 a3 27. b3 Rxc3 28. Rxc3 Qxc3 29. Rc1 Qxd2 30. Rxc8+ Bxc8 31. Bxd2 Bf8 32. Nc2 Bh3 33. Ne1 Bc5 34. Kc2 Bf2 35. Kd1 Be6 36. Nc2 Bxg3 37. Nxa3 Bd7 38. Nc2 Kg7 39. Ne3 f6 40. Nd5 f5 41. Ke2 1/2-1/2